US Major League Rugby Teams - Statistics

General Stats
  • This quiz has been taken 45 times
    5 since last reset
  • The average score is 5 of 6
Answer Stats
Answer % Correct
New England Free Jacks
100%
Anthem Rugby Carolina
75%
Chicago Hounds
75%
Old Glory DC
75%
Seattle Seawolves
75%
Calilfornia Legion
50%
No matching quizzes found
Score Distribution
Percent of People with Each Score
Percentile by Number Answered
Your Score History
You have not taken this quiz since the last reset